| 000 | 00617nam a2200193 a 4500 | ||
|---|---|---|---|
| 005 | 20140311163002.0 | ||
| 008 | 020820s19uu xx 00 eng d | ||
| 020 | _a0724804994 | ||
| 050 |
_aHF 5549.5.C6 _b.W337 2000 |
||
| 100 | _aWatson, Desley | ||
| 245 |
_aCommunication in the workplace : _b4 major topics / _cDesley Watson. |
||
| 260 |
_aSydney : _bPearson Education Australia, _c2000. |
||
| 300 |
_a182 p. : _bill. ; _c24 cm. |
||
| 521 | _aMC | ||
| 650 |
_aCommunication in organization _xstudy and teaching |
||
| 650 |
_aBusiness communication _xstudy and teaching |
||
| 942 |
_cBK _2lcc _kFOR |
||
| 999 |
_c39219 _d39219 |
||